000 00494nam a22001817a 4500
003 OSt
008 260429b |||||||| |||| 00| 0 eng d
082 _a635.648
_bD18V
100 _aDas, Parth Ranjan
245 _aVariability Studies in F2-Generation of Okra (Abelmoschus esculentus L.) Moench)
260 _aPusa, Samastipur
_bRAU
_c1992
300 _a85P.
502 _bMsc.
_d1992
650 _aVegetables and Floriculture
650 _aHorticulture
650 _aMsc.
942 _2ddc
_cT
999 _c50297
_d50297